1418 1797 1631 1998 1579 1846 1474 1042 1410 1368 1215 1834 1318 1814 1888 1560 1580 1438 1247 1410 1308 1384 1907 1172 1446 1752 1966 1224 1865 1380 1480 1058 1296 1270 1933 1368 1936 1022 1179 1158 1736 1287 1495 1985 1548 1113 1304 1087 1669 1142 1037 1843 1263 1816 1060 1066 1885 1498 1865 1740 1847 1441 1025 1751 1886 1297 1403 1898 1005 1107 1688 1863 1528 1952 1844 1806 1546 1842 1775 1266 1484 1584 1703 1553 1195 1774 1835 1454 1998 1756 1098 1531 1808 1215 1964 1242 1044 1335 1308 BCNSPRNW ULIB Ver.6.0+V

เปลี่ยนเป็นภาษาไทย

Change to English
 แสดงรายละเอียดบรรณานุกรม
  กลับหน้าหลัก

Brief Record : Get Marc (ISO 2709) : E-mail record : QR code < ปิดหน้าต่าง
LEADER : 00000nam a2200000Ia 4500
001    13399114101
003     ULIB
008    100302s2552 th a 000 0 tha d
020    ^a9789749593431
060 04 ^aWA390^bส237อ
100 0  ^aสมใจ วินิจกุล
245 10 ^aอนามัยชุมชน :^bกระบวนการวินิจฉัยและการแก้ปัญหา /^cสมใจ วินิจกุล
250    ^aพิมพ์ครั้งที่ 4 ปรับปรุงครั้งที่ 2
260    ^aกรุงเทพฯ :^bภาควิชาการพยาบาลสาธารณสุขศาสตร์
300    ^a160 หน้า :^bภาพประกอบ ;^c26 ซม.
650  4 ^aอนามัยชุมชน
650  4 ^aอนามัยสิ่งแวดล้อม
710 2  ^aวิทยาลัยพยาบาลเกื้อการุณย์.
945    ^p0^l0^i18727
945    ^p0^l0^i18728
995    ^aเกษร
999 ^a ใช้งานได้ทุกระบบ
รายการนี้ยังไม่มีแท็ก
คุณยังไม่ได้ล็อกอิน คุณสามารถมีกิจกรรมร่วมกับเว็บไซต์ได้ แต่ต้องล็อกอินก่อน ::
  ล็อกอิน

รายการสื่อสารสนเทศ

ลำดับที่ ประเภท เลขเรียก/บาร์โค้ด สถานที่ สถานะ
- ไม่พบข้อมูล -

รายการใกล้เคียง
    ผู้แต่ง [สมใจ วินิจกุล]

    หัวเรื่อง [อนามัยชุมชน]
    หัวเรื่อง [อนามัยสิ่งแวดล้อม]

BibComment


ยังไม่เคยถูกคอมเมนท์

คอมเมนท์ทรัพยากรรายการนี้
  คอมเมนท์: อนามัยชุมชน กระ..


 Copyright 2026. Bcnsprnw @Library